000 01136nam a22002777a 4500
999 _c20507
_d20507
005 20191018070319.0
008 191018b xxu||||| |||| 00| 0 spa d
020 _a9789587195736
040 _aCO-BoIAVH
_cCO-BoIAVH
041 _aspa
041 _afre
041 _aeng
044 _ack
082 _a069.5
_bL95m
100 _aLópez Rosas, William Alfonso
_cCompilador y editor
_eCompilador y editor
245 _aMuseos, universidad y mundialización.
_bLa gestión de las colecciones y los museos universitarios en américa latina y el caribe.
260 _aBogotá:
_bUniversidad Nacional de Colombia, Facultad de Artes,
_c2010.
300 _a190 Páginas:
_c20 x 13 cm.
500 _aIncluye nota del editor y anexos.
650 0 _aPatrimonio cultural
_zColombia
650 0 _aColección Museográfica
650 0 _aMuseos universitarios
_zLatinoamerica
650 0 _aEvento cultural
_vSector académico
711 _aMemorias de la I Cátedra Latinoamericana de Museologia y Gestión del Patrimonio Cultural.
_cBogotá,
_d7 al 10 de Mayo de 2007
942 _2ddc
_cLIBRO